000 00723cab a2200241 4500
001 WB3219-11
008 090401t1996 xxu||||| |||| 00| 0 eng d
035 _a(Sirsi) u1569
041 _aeng
245 _aCity with bright prospects
260 _c1996
350 _a0
490 _aFinancial Times
_v16 May 1996, 26
490 _aBirmingham Post
_v16 May 1996, 1&11(4)
520 _aLand Securities plans to develop a £250m shopping and leisure complex in Birmingham City Centre called the Martineau Galleries.
650 _aBIRMINGHAM
650 _aLAND SECURITIES
650 _aMARTINEAU GALLERIES
650 _aSHOPPING CENTRE
690 _aPROPERTY-COMMERCIAL PROPERTY
942 _n0
948 _c04/03/1997
999 _c885
_d885